书目信息 |
| 题名: |
世说新语笺疏
|
|
| 作者: | 余嘉锡 | |
| 分册: | ||
| 出版信息: | 北京 中华书局 1983 |
|
| 页数: | 页 | |
| 开本: | 20cm | |
| 丛书名: | ||
| 单 册: | ||
| 中图分类: | Z81 | |
| 科图分类: | ||
| 主题词: | 国家书目 | |
| 电子资源: | ||
| ISBN: | 7-101-02438-6 | |
| 000 | 00480nam0 2200181 450 | |
| 001 | 0728815141 | |
| 005 | 20070819080015.14 | |
| 010 | @a7-101-02438-6@d¥4.25 | |
| 100 | @a20070819d km y0chiy0120 ea | |
| 101 | 0 | @achi |
| 200 | 1 | @a世说新语笺疏@Ashi shuo xin yu jian shu@f余嘉锡@Fyu jia xi |
| 210 | @a北京@c中华书局@d1983 | |
| 215 | @a页@d20cm | |
| 606 | 0 | @a国家书目 |
| 690 | @aZ81@v3 | |
| 701 | 0 | @a余嘉锡@Ayu jia xi |
| 801 | 0 | @aCN@bPFT@c20070819 |
| 905 | @a213230@dZ81@eZW400@f1 | |
| 世说新语笺疏/余嘉锡.-北京:中华书局,1983 |
| 页;20cm |
| ISBN 7-101-02438-6:¥4.25 |
| ● |
| 相关链接 |
|
|
|
|
正题名:世说新语笺疏
索取号:Z81/ZW400
 
预约/预借
| 序号 | 登录号 | 条形码 | 馆藏地/架位号 | 状态 | 备注 |
| 1 | 7613297 | 276132971 | 密集书库-文学院/ [索取号:Z81/ZW400] | 在馆 |